|
|
|
|
| LEADER |
00988nam a2200241 a 4500 |
| 001 |
3565993 |
| 008 |
091028s1997 dcu i000 0 eng d |
| 010 |
|
|
|a 98122616
|
| 020 |
|
|
|a 0821338013
|
| 040 |
|
|
|a DJBF
|c DJBF
|d DLC
|
| 082 |
0 |
0 |
|a 338.9/009172/4
|2 21
|
| 245 |
0 |
0 |
|a Poverty reduction and the World Bank :
|b progress in fiscal 1996 and 1997.
|
| 260 |
|
|
|a Washington, D.C. :
|b World Bank,
|c c1997.
|
| 300 |
|
|
|a x, 179 p. ;
|c 28 cm.
|
| 500 |
|
|
|a Updates the report for fiscal 1995, Poverty reduction and the World Bank: progress and challenges for the 1990s (p. vii).
|
| 541 |
1 |
|
|e 00007069
|
| 650 |
|
0 |
|a Economic assistance
|z Developing countries.
|
| 650 |
|
0 |
|a Poverty
|z Developing countries.
|
| 610 |
2 |
0 |
|a World Bank.
|
| 710 |
2 |
|
|a World Bank.
|
| 852 |
4 |
|
|a Ayesha Abed Library
|j General Shelf
|
| 999 |
|
|
|c 5412
|d 5412
|
| 952 |
|
|
|0 0
|1 0
|2 ddc
|4 0
|6 338_900917240000000_POV_1997
|7 0
|9 5283
|a BRACUL
|b BRACUL
|c GEN
|d 2009-11-11
|g 200.00
|l 0
|o 338.90091724 POV
|p 3010007069
|r 2009-11-11
|t 1
|v 400.00
|w 2009-11-11
|y BK
|